Giáo trình Hán ngữ cao cấp

Saved in:
Bibliographic Details
Format: Book
Tags: Add Tag
No Tags, Be the first to tag this record!
Institutions: Mạng thư viện Đại học Đà Nẵng
LEADER 00425nam a22001691a 4500
001 000037034
003 13329
005 20160412015000.0
008 160412s0 000
082 |a 4H(07)748-52 
245 |a Giáo trình Hán ngữ cao cấp  |c Lý Thụ Niên 
OWN |a LNN 
999 |a From the UDN01 
TYP |a Monograph 
980 |a Mạng thư viện Đại học Đà Nẵng